000 nam a22 a 4500
999 _c4729
_d4729
003 AKMAL
005 20170801105658.0
008 170801s2017 my e l 000 0 may d
020 _cRM21.00
082 0 4 _a347.595052 MAL
_223
090 0 0 _a347.595052
_bMAL
110 1 _aMalaysia,
_ejurisdiction governed.
_9400
245 1 0 _aAKTA HAD MASA 1953 (DI SEMAK - 1981) (AKTA 254) /
_cDisusun oleh Penasihat Undang-Undang Mdc
260 _aKuala Lumpur:
_b Mdc Publishers,
_c 2017.
300 _a24 pages ;
_c27 cm.
490 1 _aUNDANG-UNDANG MALAYSIA
650 1 0 _aLimitation of actions
_zMalaysia
_98590
650 2 0 _aTime (Law)
_zMalaysia
_98591
830 0 _aUndang-undang Malaysia
_99051
942 _2ddc
_cBOOK
950 _lAKMAL